Разведка месторождений полезных ископаемых: учебное пособие

Bibliographische Detailangaben
1. Verfasser: Каждан А. Б. Алексей Борисович
Sprache:Russisch
Veröffentlicht: Москва, Недра, 1977
Schlagworte:
Format: Buch
KOHA link:https://koha.lib.tpu.ru/cgi-bin/koha/opac-detail.pl?biblionumber=43176

MARC

LEADER 00000nam0a2200000 4500
001 43176
005 20231101210811.0
035 |a (RuTPU)RU\TPU\book\44617 
090 |a 43176 
100 |a 20020930d1977 m y0rusy50 ca 
101 0 |a rus 
102 |a RU 
105 |a a j 001zy 
200 1 |a Разведка месторождений полезных ископаемых  |e учебное пособие  |f А. Б. Каждан 
210 |a Москва  |c Недра  |d 1977 
215 |a 328 с.  |c ил. 
320 |a Библиогр.: с. 319-321. 
606 1 |a Полезные ископаемые  |x Поиски и разведка  |2 stltpush  |3 (RuTPU)RU\TPU\subj\50100  |9 68847 
610 1 |a полезные ископаемые 
610 1 |a поисково-разведочные работы 
610 1 |a учебные пособия 
675 |a 550.8(075.8)  |v 3 
700 1 |a Каждан  |b А. Б.  |g Алексей Борисович 
801 1 |a RU  |b 63413507  |c 20020930  |g PSBO 
801 2 |a RU  |b 63413507  |c 20200903  |g PSBO 
900 |a Разведка и геолого-экономическая оценка месторождений 
942 |c BK 
952 |a 511000  |b 080200